Metodika výpočtu ztrát z dopravní nehodovosti na pozemních komunikacích : aktualizovaná verze 2013 /

Další autoři: Vyskočilová, Alena
Jazyk: Čeština
Vydáno: Brno : Centrum dopravního výzkumu, 2013
Témata:
Fyzický popis: [35] l. : barev. il. ; 30 cm
Knihy
Uloženo v:
LEADER 01504nam a2200397 a 4500
001 nkc20142565309
003 CZ PrNK
005 20140407063235.0
007 ta
008 140221s2013 xr a e 000 0 cze
015 |a cnb002565309 
020 |a 978-80-86502-55-7  |q (brož.) 
035 |a (OCoLC)876341958 
040 |a ABA001  |b cze 
072 7 |a 656.1/.5  |x Pozemní doprava  |2 Konspekt  |9 4 
080 |a 656.1.08  |2 MRF 
080 |a 338.58  |2 MRF 
080 |a (083.744)  |2 MRF 
245 0 0 |a Metodika výpočtu ztrát z dopravní nehodovosti na pozemních komunikacích :  |b aktualizovaná verze 2013 /  |c [autorský tým Alena Vyskočilová ... et al.] 
260 |a Brno :  |b Centrum dopravního výzkumu,  |c 2013 
300 |a [35] l. :  |b barev. il. ;  |c 30 cm 
500 |a Název z obálky 
504 |a Obsahuje bibliografii a bibliografické odkazy 
650 0 7 |a silniční dopravní nehody  |7 ph125532  |2 czenas 
650 0 7 |a náklady  |7 ph115498  |2 czenas 
650 0 9 |a road traffic accidents  |2 eczenas 
650 0 9 |a costs  |2 eczenas 
655 7 |a certifikované metodiky  |7 fd806827  |2 czenas 
655 9 |a certified methodology  |2 eczenas 
700 1 |a Vyskočilová, Alena  |7 jo2014809466  |4 aut 
910 2 |a BOA001  |b 4-1320.312 
990 |a BK 
995 |a 01 
991 |b 201402  |c NOV  |e n 
996 6 |b 2610581639  |c 4-1320.312  |l MZK  |r Sklad / do 1 hodiny  |n 1  |p p.v.  |w 001401817  |u 000010  |a 1  |e BOA001  |j MZK50  |s P 
996 7 |b 2610581640  |c 4-1320.312  |l MZK  |r Sklad / do 1 hodiny  |n 12  |p p.v.  |w 001401817  |u 000020  |a 1  |e BOA001  |j MZK50  |s A